000 00498nam a2200193Ia 4500
003 OSt
005 20220107122602.0
008 130318s9999 xx 000 0 und d
020 _a8173192243
040 _cIIITM-K
082 _a006.3 HOP/I
100 _aHopcroft, John E
_91218
245 _aIntroduction to automata theory language and computation
260 _bNarosa
_aNew Delhi
_c1979
300 _a418
650 _aAUTOMATA
_91219
700 _aUllman, Jeffery D
_91220
942 _2ddc
_cBK
999 _c222
_d222